| 000 | 01266nab a22002297a 4500 | ||
|---|---|---|---|
| 999 |
_c5609 _d5609 |
||
| 003 | OSt | ||
| 005 | 20251222112024.0 | ||
| 008 | 190429b xxu||||| |||| 00| 0 spa d | ||
| 040 | _cPJ | ||
| 100 |
_96584 _aJulián, Rafael |
||
| 245 | 1 | 0 |
_aLa prohibición de salida del país a la luz del nuevo procedimiento adversarial acusatorio /
_cRafael Julián, Luciano Bianchi. |
| 260 |
_cCiudad Autónoma de Buenos Aires : _aThomson Reuters La Ley, _b2025. |
||
| 300 | _ap. 66-69 | ||
| 500 | _aCita: TR LALEY AR/DOC/1111/2025. | ||
| 505 | _aSumario: I. Introducción.— II. El caso "S. J. A".— III. Lo resuelto por la Sala V de la Cámara Nacional de apelaciones en lo Criminal y Correccional: nuestra mirada ante el caso, a la luz del nuevo procedimiento adversarial acusatorio.— IV. Conclusiones. | ||
| 505 | _aFallo comentado: CNCrim. y Correc., sala V ~ 20/03/2025 ~ S., J. A. s/ Salida del país. | ||
| 505 | _tSi te interesa el texto completo, solicitalo a koha@justierradelfuego.gov.ar | ||
| 650 | 0 |
_9343 _aDERECHO PENAL |
|
| 700 |
_94810 _aBianchi, Luciano _ecoautor |
||
| 773 | 0 |
_02658 _93164 _tRevista de derecho penal y criminología. Nº 7 - Agosto 2025 _dCiudad Autónoma de Buenos Aires : Thomson Reuters La Ley, 2017- _x00347914 |
|
| 942 |
_2udc _cANA |
||